000 00802nam a2200217 a 4500
001 000014808
005 20200929163914.0
008 100122s2008 dr 000 0 spa d
020 _zno valido
040 _aDO-SdBNP
_bspa
_cBNPHU
082 _a368.4
_bM385c
100 1 _aMartínez de los Santos, Roberto
_98599
245 1 0 _aConozca el sistema dominicano de seguridad social /
_cRoberto Martínez de los Santos.
260 _aSanto Domingo :
_bCONDES,
_c2008.
300 _a152 p. :
_bTablas ;
_c21 cm.
500 _aIncluye datos biográficos del autor en la contracubierta
590 _aInventariado, 2018/LP
650 4 _aSeguridad social
_zRepública Dominicana
_92151
710 2 _aConsultores Didáticos Escolares (República Dominicana)
_933555
910 _aValidado. Control de calidad MFF
999 _c14389
_d14389